Reservoir sedimentation handbook: (Record no. 19099)
[ view plain ]
| 000 -LEADER | |
|---|---|
| fixed length control field | 01180nam a2200361 a 4500 |
| 001 - CONTROL NUMBER | |
| control field | vtls000013512 |
| 003 - CONTROL NUMBER IDENTIFIER | |
| control field | NLI |
| 005 - DATE AND TIME OF LATEST TRANSACTION | |
| control field | 20210601181536.0 |
| 008 - FIXED-LENGTH DATA ELEMENTS--GENERAL INFORMATION | |
| fixed length control field | 101125s1997 enkab f 001 0 eng |
| 020 ## - INTERNATIONAL STANDARD BOOK NUMBER | |
| International Standard Book Number | 007043302X |
| Terms of availability | $ 84.95 |
| 039 #9 - LEVEL OF BIBLIOGRAPHIC CONTROL AND CODING DETAIL [OBSOLETE] | |
| -- | 201011250106 |
| -- | VLOAD |
| 040 0# - CATALOGING SOURCE | |
| Original cataloging agency | NLI |
| Language of cataloging | eng |
| Transcribing agency | VERGIS-2003 |
| 041 0# - LANGUAGE CODE | |
| Language code of text/sound track or separate title | eng |
| 044 ## - COUNTRY OF PUBLISHING/PRODUCING ENTITY CODE | |
| MARC country code | enk |
| 082 04 - DEWEY DECIMAL CLASSIFICATION NUMBER | |
| Classification number | 627.86 |
| 100 1# - MAIN ENTRY--PERSONAL NAME | |
| Personal name | Marris, Gregory L. |
| 9 (RLIN) | 52019 |
| 245 00 - TITLE STATEMENT | |
| Title | Reservoir sedimentation handbook: |
| Remainder of title | design and management of dams, reservoirs and watersheds for sustainable use/ |
| Statement of responsibility, etc. | Gregory L. Morris and Jiahua Fan |
| 260 ## - PUBLICATION, DISTRIBUTION, ETC. | |
| Place of publication, distribution, etc. | New York: |
| Name of publisher, distributor, etc. | McGraw-Hill, |
| Date of publication, distribution, etc. | c1997 |
| 300 ## - PHYSICAL DESCRIPTION | |
| Extent | [various pagings]: |
| Other physical details | ill., maps; |
| Dimensions | 23 cm. |
| 504 ## - BIBLIOGRAPHY, ETC. NOTE | |
| Bibliography, etc. note | Includes bibliographical references and index |
| 650 #0 - SUBJECT ADDED ENTRY--TOPICAL TERM | |
| Topical term or geographic name entry element | Reservoir sedimentation |
| Form subdivision | Handbooks, manuals, etc. |
| 9 (RLIN) | 52020 |
| 650 #0 - SUBJECT ADDED ENTRY--TOPICAL TERM | |
| Topical term or geographic name entry element | Sedimentation and deposition |
| 9 (RLIN) | 52021 |
| 700 1# - ADDED ENTRY--PERSONAL NAME | |
| Personal name | Fan, Jiahua, |
| Relationship | jt.aut |
| 9 (RLIN) | 52022 |
| 887 ## - NON-MARC INFORMATION FIELD | |
| Content of non-MARC field | S. Chithiraivel |
| 901 ## - LOCAL DATA ELEMENT A, LDA (RLIN) | |
| a | 531852 |
| 902 ## - LOCAL DATA ELEMENT B, LDB (RLIN) | |
| a | E 627.86 M 832 |
| 903 ## - LOCAL DATA ELEMENT C, LDC (RLIN) | |
| a | 03/03/2004 |
| 904 ## - LOCAL DATA ELEMENT D, LDD (RLIN) | |
| a | S. Chithiraivel |
| 906 ## - LOCAL DATA ELEMENT F, LDF (RLIN) | |
| a | 012430 |
| 949 ## - LOCAL PROCESSING INFORMATION (OCLC) | |
| -- | VIRTUAITEM |
| -- | 10000 |
| -- | 1 |
| -- | 100 |
| 6 | PUR000531852ENG |
| a | E 627.86 M832 |
| 942 ## - ADDED ENTRY ELEMENTS (KOHA) | |
| Source of classification or shelving scheme | Dewey Decimal Classification |
| Koha item type | Books |
| Withdrawn status | Lost status | Damaged status | Not for loan | Collection code | Home library | Current library | Shelving location | Date acquired | Total Checkouts | Full call number | Barcode | Date last seen | Price effective from | Koha item type |
|---|---|---|---|---|---|---|---|---|---|---|---|---|---|---|
| New English | National Library of India | National Library of India | New English - Main Stack Division | E 627.86 M 832 | PUR000531852ENG | 01/06/2021 | 01/06/2021 | Books |
